[Event "Gurgaon op 2nd"]
[Site "Gurgaon"]
[Date "2014.01.02"]
[Round "2"]
[White "Bhattacharya, Niladri Shekhar"]
[Black "Gasanov, Eldar"]
[Result "0-1"]
[WhiteElo "2057"]
[BlackElo "2469"]
[PlyCount "66"]
[EventDate "2014.01.01"]
[EventType "swiss"]
[EventRounds "10"]
[EventCountry "IND"]
[SourceTitle "CBM 158 Extra"]
[Source "ChessBase"]
[SourceDate "2014.02.28"]
[SourceVersion "1"]
[SourceVersionDate "2014.02.28"]
[SourceQuality "1"]

1. Nf3 c5 2. c4 Nc6 3. g3 g6 4. Bg2 Bg7 5. Nc3 d6 6. e3 Nh6 7. d4 cxd4 8. Nxd4 Nxd4 9. exd4 Nf5 10. d5 Bxc3+ 11. bxc3 Qc7 12. Bf1 e5 13. Bg5 f6 14. Bd2 h5 15. Be2 Kf7 16. Qb3 b6 17. h3 Qc5 18. Qb4 Bd7 19. Qxc5 dxc5 20. g4 hxg4 21. Bxg4 Rad8 22. f4 Rhe8 23. 0-0-0 e4 24. h4 e3 25. Be1 Nd6 26. Be2 Ba4 27. Rd3 Nxc4 28. h5 Rh8 29. hxg6+ Kxg6 30. Rg1+ Kf5 31. d6 Rxd6 32. Rxd6 Nxd6 33. Bd3+ Ne4 0-1

[Event "IND-chT 33rd"]
[Site "Hyderabad"]
[Date "2013.02.21"]
[Round "2.4"]
[White "Akshat, Khamparia"]
[Black "Bhattacharya, Niladri Shekhar"]
[Result "1-0"]
[WhiteElo "2383"]
[BlackElo "2119"]
[PlyCount "107"]
[EventDate "2013.02.20"]
[EventType "team-swiss"]
[EventRounds "9"]
[EventCountry "IND"]
[SourceTitle "CBM 153 Extra"]
[Source "ChessBase"]
[SourceDate "2013.04.22"]
[SourceVersion "1"]
[SourceVersionDate "2013.04.22"]
[SourceQuality "1"]
[WhiteTeam "Indian Railways II"]
[BlackTeam "West Bengal"]
[WhiteTeamCountry "IND"]
[BlackTeamCountry "IND"]

1. d4 d5 2. Nf3 Nf6 3. c4 c6 4. Nc3 g6 5. cxd5 cxd5 6. Bf4 Bg7 7. e3 0-0 8. Bd3 Nc6 9. 0-0 Bg4 10. h3 Bf5 11. Rc1 Bxd3 12. Qxd3 e6 13. Na4 Ne4 14. Nc5 Nxc5 15. Rxc5 Re8 16. Rfc1 a6 17. Qb3 Re7 18. Qc3 h6 19. Ne5 Nxe5 20. Bxe5 Bxe5 21. dxe5 Rd7 22. Rc7 Qe7 23. Qa5 Rad8 24. Qb6 Kg7 25. Qxb7 d4 26. exd4 Qg5 27. Qf3 Qf5 28. Qxf5 gxf5 29. Rxd7 Rxd7 30. Rc4 f4 31. Kf1 Kg6 32. Ke2 Kf5 33. Kf3 h5 34. Ra4 h4 35. d5 exd5 36. Rxf4+ Kxe5 37. Rxh4 Rb7 38. b3 Rc7 39. Ra4 f5 40. Ke3 Rc3+ 41. Kd2 Rc6 42. f4+ Kd6 43. g4 Kc5 44. Ra5+ Kd4 45. Ra4+ Kc5 46. g5 Rc8 47. Rxa6 Rh8 48. Rh6 Ra8 49. a4 Kd4 50. Re6 Rh8 51. Re3 Rh4 52. g6 Rh8 53. g7 Rg8 54. Re7 1-0

[Event "Bhubaneswar op 3rd"]
[Site "Bhubaneswar"]
[Date "2011.05.30"]
[Round "4"]
[White "Bhattacharya, Niladri Shekhar"]
[Black "Sriram, Jha"]
[Result "1/2-1/2"]
[WhiteElo "2157"]
[BlackElo "2446"]
[PlyCount "50"]
[EventDate "2011.05.28"]
[EventType "swiss"]
[EventRounds "11"]
[EventCountry "IND"]
[SourceTitle "CBM 142 Extra"]
[Source "ChessBase"]
[SourceDate "2011.06.27"]
[SourceVersion "1"]
[SourceVersionDate "2011.06.27"]
[SourceQuality "1"]

1. c4 e6 2. Nf3 d5 3. e3 Nf6 4. d4 c6 5. Nc3 Nbd7 6. Qc2 Bd6 7. Bd2 0-0 8. Bd3 dxc4 9. Bxc4 b5 10. Bd3 Bb7 11. e4 e5 12. dxe5 Bxe5 13. Nxe5 Nxe5 14. Be2 Qe7 15. 0-0 Rfd8 16. h3 Rac8 17. a3 a6 18. Bg5 h6 19. Bxf6 Qxf6 20. f4 Nc4 21. e5 Qe7 22. Bxc4 Qc5+ 23. Rf2 Qxc4 24. Ne4 Qxc2 25. Rxc2 Rd4 1/2-1/2

[Event "Jalgaon op"]
[Site "Jalgaon"]
[Date "2010.11.29"]
[Round "9"]
[White "Bhattacharya, Niladri Shekhar"]
[Black "Thipsay, Praveen Mahadeo"]
[Result "0-1"]
[WhiteElo "2166"]
[BlackElo "2465"]
[PlyCount "110"]
[EventDate "2010.11.23"]
[EventType "swiss"]
[EventRounds "11"]
[EventCountry "IND"]
[SourceTitle "CBM 139 Extra"]
[Source "ChessBase"]
[SourceDate "2011.01.05"]
[SourceVersion "1"]
[SourceVersionDate "2011.01.05"]
[SourceQuality "1"]

1. e4 e5 2. Nf3 Nc6 3. Bb5 a6 4. Bxc6 dxc6 5. b3 Nf6 6. d3 Bb4+ 7. Bd2 Bd6 8. Bc3 Nd7 9. Nbd2 0-0 10. Nc4 Re8 11. Qc1 f6 12. Nh4 Nc5 13. g3 Bf8 14. 0-0 Ne6 15. Bd2 Nd4 16. Qd1 c5 17. c3 Nc6 18. Qe2 Bh3 19. Rfe1 Qd7 20. Rad1 Rad8 21. Bc1 b5 22. Ne3 b4 23. Bb2 bxc3 24. Bxc3 Nd4 25. Bxd4 cxd4 26. Nc2 a5 27. Rb1 Be6 28. Qd2 Ra8 29. Qc1 a4 30. Nf3 axb3 31. axb3 Qb5 32. Rd1 Ra6 33. Nce1 Rc6 34. Qb2 Bb4 35. Nd2 Bc3 36. Qa2 Ra6 37. Qc2 Rea8 38. Nc4 Ra2 39. Qc1 Bg4 40. f3 Bh5 41. g4 Bf7 42. Nc2 h6 43. Rf1 Qa6 44. Rf2 Rb8 45. Kg2 Ra8 46. Kg3 Qe6 47. Qf1 Qd7 48. Qc1 Be6 49. Rg2 Qe7 50. Ne1 Ra1 51. Nc2 Rxb1 52. Qxb1 Qe8 53. N2a3 Ra6 54. Qc2 Be1+ 55. Kh3 Qh5# 0-1

[Event "IND-chT"]
[Site "Gurgaon"]
[Date "2010.02.24"]
[Round "5"]
[White "Bhattacharya, Niladri Shekhar"]
[Black "Rathnakaran, Kantholi"]
[Result "0-1"]
[WhiteElo "2111"]
[BlackElo "2402"]
[PlyCount "112"]
[EventDate "2010.02.21"]
[EventType "team"]
[EventRounds "9"]
[EventCountry "IND"]
[SourceTitle "CBM 135 Extra"]
[Source "ChessBase"]
[SourceDate "2010.05.04"]
[SourceVersion "1"]
[SourceVersionDate "2010.05.04"]
[SourceQuality "1"]

1. Nf3 Nf6 2. b3 g6 3. Bb2 Bg7 4. e3 0-0 5. d3 d6 6. Nbd2 e5 7. Be2 Nbd7 8. c4 Qe7 9. Qc2 a5 10. d4 exd4 11. Nxd4 Ne5 12. N2f3 c5 13. Nb5 Bf5 14. Qc1 Rad8 15. 0-0 Nd3 16. Bxd3 Bxd3 17. Re1 d5 18. Ne5 dxc4 19. Nxc4 Ng4 20. h3 Bxb2 21. Qxb2 Bxc4 22. bxc4 Ne5 23. Qc3 Rd3 24. Qc2 Rfd8 25. Rad1 Qg5 26. Rxd3 Rxd3 27. Rd1 Rxd1+ 28. Qxd1 Nxc4 29. Qd7 b6 30. Nc7 h5 31. Nd5 Qe5 32. Qd8+ Kg7 33. a4 Nd2 34. Ne7 Qa1+ 35. Kh2 Nf1+ 36. Kg1 Nxe3+ 37. Kh2 Nf1+ 38. Kg1 Ne3+ 39. Kh2 Qe5+ 40. Kg1 Nf5 41. Qg8+ Kh6 42. Qf8+ Qg7 43. Nxf5+ gxf5 44. Qd6+ Qg6 45. Qf8+ Kh7 46. f4 Qe6 47. Kf2 c4 48. Qd8 c3 49. Qd3 Qc8 50. Qd5 Kg6 51. Qd6+ f6 52. Qd1 c2 53. Qc1 Qc3 54. Ke2 h4 55. Kf1 Qc4+ 56. Ke1 Qxa4 0-1

[Event "New Delhi Parsvnath op 8th"]
[Site "New Delhi"]
[Date "2010.01.16"]
[Round "4"]
[White "Bhattacharya, Niladri Shekhar"]
[Black "Das, Arghyadip"]
[Result "0-1"]
[WhiteElo "2111"]
[BlackElo "2396"]
[PlyCount "100"]
[EventDate "2010.01.14"]
[EventType "swiss"]
[EventRounds "11"]
[EventCountry "IND"]
[SourceTitle "CBM 134 Extra"]
[Source "ChessBase"]
[SourceDate "2010.03.03"]
[SourceVersion "1"]
[SourceVersionDate "2010.03.03"]
[SourceQuality "1"]

1. e3 d5 2. Nf3 Nf6 3. b3 g6 4. Bb2 Bg7 5. d3 0-0 6. Nbd2 c5 7. Be2 Nc6 8. Ne5 Bd7 9. Bf3 Nxe5 10. Bxe5 Bc6 11. 0-0 Ne8 12. Bxg7 Nxg7 13. c4 Rc8 14. Rc1 Qd7 15. Qe2 b6 16. Rfd1 e5 17. cxd5 Bxd5 18. Nc4 f6 19. Bxd5+ Qxd5 20. e4 Qd7 21. Ne3 Ne6 22. Qg4 Rcd8 23. Nd5 Nf4 24. Qxd7 Rxd7 25. Nxf4 exf4 26. Kf1 Rfd8 27. Ke2 Kf7 28. Rc4 a5 29. a3 Rd4 30. Rd2 Ke6 31. Rxd4 Rxd4 32. Kd1 Ke5 33. Kc2 f3 34. g3 h5 35. Rd1 g5 36. h3 b5 37. Re1 a4 38. Rb1 b4 39. axb4 Rxb4 40. bxa4 Rxa4 41. Kc3 Ra3+ 42. Kc4 Ra2 43. Rf1 Re2 44. Kxc5 Rc2+ 45. Kb4 Kd4 46. Kb3 Kxd3 47. g4 hxg4 48. hxg4 Re2 49. Rd1+ Kxe4 50. Rd6 Ke5 0-1

[Event "New Delhi Parsvnath op 8th"]
[Site "New Delhi"]
[Date "2010.01.16"]
[Round "5"]
[White "Tilak, Sharad S"]
[Black "Bhattacharya, Niladri Shekhar"]
[Result "1-0"]
[WhiteElo "2318"]
[BlackElo "2111"]
[PlyCount "47"]
[EventDate "2010.01.14"]
[EventType "swiss"]
[EventRounds "11"]
[EventCountry "IND"]
[SourceTitle "CBM 134 Extra"]
[Source "ChessBase"]
[SourceDate "2010.03.03"]
[SourceVersion "1"]
[SourceVersionDate "2010.03.03"]
[SourceQuality "1"]

1. e4 c6 2. d4 d5 3. Nc3 dxe4 4. Nxe4 Nf6 5. Nxf6+ gxf6 6. Nf3 Bg4 7. Bf4 e6 8. Be2 Bd6 9. Bg3 Bxf3 10. Bxf3 f5 11. Qd2 Na6 12. 0-0-0 Qc7 13. Qg5 Qe7 14. Qg7 Kd7 15. d5 exd5 16. Bxd5 Rag8 17. Be6+ Qxe6 18. Rxd6+ Kc8 19. Qc3 Qe4 20. Re1 Nb4 21. Kb1 Nxa2 22. Kxa2 Qa4+ 23. Kb1 f4 24. Rd4 1-0

[Event "Mumbai Mayors Cup 1st"]
[Site "Mumbai"]
[Date "2008.05.12"]
[Round "3"]
[White "Bhattacharya, Niladri Shekhar"]
[Black "Kashyap, Rahul B"]
[Result "1-0"]
[WhiteElo "2136"]
[BlackElo "1830"]
[PlyCount "83"]
[EventDate "2008.05.11"]
[EventType "swiss"]
[EventRounds "11"]
[EventCountry "IND"]
[SourceTitle "CBM 124 Extra"]
[Source "ChessBase"]
[SourceDate "2008.07.03"]
[SourceVersion "1"]
[SourceVersionDate "2008.07.03"]
[SourceQuality "1"]

1. e4 c6 2. d4 d5 3. Nc3 dxe4 4. Nxe4 Nd7 5. Bc4 Ngf6 6. Ng5 e6 7. N1f3 h6 8. Nh3 Bd6 9. Bf4 Qc7 10. Qd2 b5 11. Bb3 Bb7 12. Bxd6 Qxd6 13. Nf4 Ne4 14. Qe3 Ndf6 15. 0-0 0-0 16. Rad1 Nd5 17. Qxe4 Qxf4 18. Bxd5 Qc7 19. Bb3 c5 20. Qe5 Qxe5 21. Nxe5 c4 22. Nxc4 bxc4 23. Bxc4 Rac8 24. Bb3 Rfd8 25. c3 Kf8 26. Rfe1 g5 27. Re5 Ke7 28. Rde1 Kf6 29. f3 Rd6 30. Kf2 Rcd8 31. h4 Kg6 32. Bc2+ Kf6 33. Bb3 Kg6 34. hxg5 hxg5 35. Rh1 Bc8 36. Bc2+ f5 37. g4 Rf8 38. Kg3 Kg7 39. gxf5 exf5 40. Re7+ Kg6 41. Reh7 g4 42. R1h6+ 1-0

[Event "Mumbai Mayors Cup 1st"]
[Site "Mumbai"]
[Date "2008.05.12"]
[Round "2"]
[White "Koneru, Humpy"]
[Black "Bhattacharya, Niladri Shekhar"]
[Result "1-0"]
[WhiteElo "2603"]
[BlackElo "2136"]
[PlyCount "73"]
[EventDate "2008.05.11"]
[EventType "swiss"]
[EventRounds "11"]
[EventCountry "IND"]
[SourceTitle "CBM 124 Extra"]
[Source "ChessBase"]
[SourceDate "2008.07.03"]
[SourceVersion "1"]
[SourceVersionDate "2008.07.03"]
[SourceQuality "1"]

1. d4 Nf6 2. c4 d6 3. Nf3 Nbd7 4. g3 c6 5. Nc3 e5 6. e4 g6 7. Bg2 Bg7 8. 0-0 0-0 9. h3 Re8 10. Be3 exd4 11. Nxd4 Nc5 12. Qc2 Qe7 13. Rfe1 a5 14. Rad1 Be6 15. b3 Rad8 16. f4 Bc8 17. Bf2 Nfd7 18. a3 h5 19. b4 axb4 20. axb4 Ne6 21. Nf3 Qf6 22. Ne2 Qe7 23. Rd2 Nef8 24. Nc3 Qf6 25. e5 dxe5 26. Ne4 Qe7 27. Nd6 Ne6 28. f5 Nef8 29. c5 Nb8 30. g4 hxg4 31. hxg4 Na6 32. Bh4 Bf6 33. g5 Bh8 34. f6 Qc7 35. Nxe8 Rxe8 36. Bg3 Nxb4 37. Qa4 1-0